000 00995nam a2200265Ia 4500
003 OSt
005 20220923211438.0
006 a|||||r|||| 00| 0
007 ta
008 220922b |||||||| |||| 00| 0 hin d
020 _a9789350005415
_c395
024 _a264,501
037 _b1862, 16/07/2012, Kiran Book Service
_cTextual
040 _aARTS
_cARTS
_bhin
041 _2hin
_ahin
082 _aO152,1I00x, Q1
100 _aउपाध्याय, अयोध्यासिंह, 'हरिऔध'
_9160531
245 0 _aकबीर वचनावली
246 _aKabīr vachanāvalī
260 _aनयी दिल्ली
_b वाणी प्रकाशन
_c2011
300 _a200पृ.
_ccm.
650 _aहिन्दी साहित्य
_9156264
942 _hO152,1I00x, Q1
_cTEXL
_2CC
999 _c299609
_d299609